[Event "TCh-FRA Top 12 2018"]
[Site "Brest FRA"]
[Date "2018.06.01"]
[Round "7.2"]
[Board "1"]
[White "David, Alberto"]
[Black "Kryvoruchko, Yuriy"]
[Result "1/2-1/2"]
[WhiteTitle "GM"]
[BlackTitle "GM"]
[WhiteElo "2563"]
[BlackElo "2705"]
[WhiteTeam "Les Tours de Haute Picardie, SAINT QUENTIN"]
[BlackTeam "GRASSE Echecs"]
[WhiteFideId "4000013"]
[BlackFideId "14109182"]
[EventDate "2018.05.26"]

1. c4 Nf6 2. Nc3 e5 3. Nf3 Nc6 4. d3 Bb4 5. Bd2 O-O 6. e3 Re8 7. Be2 d5 8. cxd5
Nxd5 9. Rc1 Nxc3 10. Bxc3 Bxc3+ 11. Rxc3 Be6 12. a3 a5 13. O-O a4 14. Qc1 Bd5
15. Re1 Na5 16. Qc2 Nb3 17. Rxc7 Bc6 18. Rxc6 bxc6 19. Rd1 c5 20. Qc4 Qf6 21. h4
h6 22. Qe4 Qd6 23. Kf1 g6 24. h5 Kg7 25. Nh4 Qf6 26. hxg6 fxg6 27. Bf3 Ra7 28.
Qg4 Rf8 29. Kg1 g5 30. e4 Nd4 31. Nf5+ Nxf5 32. exf5 Qxf5 33. Qc4 Rc7 34. Qxa4
h5 35. Qa5 Rff7 36. Qd2 g4 37. Be4 Qf6 38. Rc1 h4 39. Rc4 Qh6 40. Qe2 g3 41. Bf3
gxf2+ 42. Qxf2 Rf4 1/2-1/2

[Event "TCh-FRA Top 12 2018"]
[Site "Brest FRA"]
[Date "2018.06.01"]
[Round "7.2"]
[Board "2"]
[White "Kuzubov, Yuriy"]
[Black "Chabanon, Jean-Luc"]
[Result "1-0"]
[WhiteTitle "GM"]
[BlackTitle "GM"]
[WhiteElo "2663"]
[BlackElo "2450"]
[WhiteTeam "GRASSE Echecs"]
[BlackTeam "Les Tours de Haute Picardie, SAINT QUENTIN"]
[WhiteFideId "14112906"]
[BlackFideId "600075"]
[EventDate "2018.05.26"]

1. d4 Nf6 2. c4 e6 3. g3 d5 4. Nf3 dxc4 5. Bg2 Nc6 6. O-O Rb8 7. e3 b5 8. Qe2
Bd6 9. Rd1 Qe7 10. a4 a6 11. axb5 axb5 12. b3 cxb3 13. Bb2 e5 14. Nbd2 exd4 15.
Nxb3 O-O 16. Rac1 Bd7 17. Nfxd4 Nxd4 18. Bxd4 Bg4 19. f3 Be6 20. Na5 Bd7 21. e4
Rfe8 22. Qf2 b4 23. Nc4 Ba4 24. e5 Bxd1 25. Rxd1 Qe6 26. Nxd6 cxd6 27. exf6 gxf6
28. Bf1 b3 29. Qd2 b2 30. Bxb2 Qe3+ 31. Qxe3 Rxe3 32. Bxf6 Rxf3 33. Rxd6 h5 34.
Be2 Rf5 35. Kg2 Rc8 36. Kh3 Rfc5 37. Bf3 Re8 38. Bd4 Rf5 39. Rh6 f6 40. Bxh5 Rf8
41. Bg4 Kg7 42. Rh4 Rg5 43. Be3 Kg6 44. Bxg5 fxg5 45. Rh5 1-0

[Event "TCh-FRA Top 12 2018"]
[Site "Brest FRA"]
[Date "2018.06.01"]
[Round "7.2"]
[Board "3"]
[White "Colin, Vincent"]
[Black "Hera, Imre Jr."]
[Result "0-1"]
[WhiteTitle "IM"]
[BlackTitle "GM"]
[WhiteElo "2386"]
[BlackElo "2620"]
[WhiteTeam "Les Tours de Haute Picardie, SAINT QUENTIN"]
[BlackTeam "GRASSE Echecs"]
[WhiteFideId "612324"]
[BlackFideId "716855"]
[EventDate "2018.05.26"]

1. e4 c5 2. d4 cxd4 3. c3 Nf6 4. e5 Nd5 5. Nf3 e6 6. cxd4 d6 7. a3 Nc6 8. Bd3
dxe5 9. dxe5 g6 10. O-O Bg7 11. Re1 O-O 12. b4 b6 13. Nbd2 Ndxb4 14. Be4 Nd5 15.
Bb2 Na5 16. h4 Bb7 17. Ng5 h6 18. Qg4 hxg5 19. Rad1 gxh4 20. Nf3 Qe7 21. Ng5 Bh6
22. Bc1 Kg7 23. Rd3 Rac8 24. Nxf7 Qxf7 25. Rf3 Rxc1 26. Rxf7+ Kxf7 27. Bxg6+ Ke7
28. Qxh4+ Kd7 29. Rxc1 Bxc1 30. Qh7+ Ne7 31. Bf7 Bd5 32. g3 Bxa3 33. f4 Bc5+ 34.
Kh2 Nac6 35. g4 Nd8 0-1

[Event "TCh-FRA Top 12 2018"]
[Site "Brest FRA"]
[Date "2018.06.01"]
[Round "7.2"]
[Board "4"]
[White "Sebag, Marie"]
[Black "Godart, Francois"]
[Result "0-1"]
[WhiteTitle "GM"]
[BlackTitle "IM"]
[WhiteElo "2486"]
[BlackElo "2420"]
[WhiteTeam "GRASSE Echecs"]
[BlackTeam "Les Tours de Haute Picardie, SAINT QUENTIN"]
[WhiteFideId "617822"]
[BlackFideId "208078"]
[EventDate "2018.05.26"]

1. e4 e6 2. d4 d5 3. Nd2 c5 4. Ngf3 cxd4 5. Nxd4 Nc6 6. Bb5 Bd7 7. Nxc6 bxc6 8.
Bd3 Bd6 9. Qe2 Ne7 10. Nf3 Ng6 11. e5 Bc7 12. O-O O-O 13. c4 c5 14. Re1 Bc6 15.
Ng5 Qe8 16. cxd5 Bxd5 17. f4 h6 18. Ne4 Qc6 19. b3 Rad8 20. Qc2 Bb6 21. Kh1 Nh4
22. Be3 Rd7 23. Rac1 Rfd8 24. Bf2 Ng6 25. Bf1 Nxf4 26. Bh4 Bxe4 27. Rxe4 Rd2 28.
Qc4 g5 29. Rxf4 gxf4 30. Bxd8 Bxd8 31. Qxf4 Bg5 32. Qg3 Qe4 33. Re1 Qd4 34. Qf3
Rxa2 35. Re4 Qf2 36. Rg4 Qe1 37. h4 Rf2 38. Qa8+ Kg7 0-1

[Event "TCh-FRA Top 12 2018"]
[Site "Brest FRA"]
[Date "2018.06.01"]
[Round "7.2"]
[Board "5"]
[White "Geenen, Marc"]
[Black "Dorfman, Iossif"]
[Result "1/2-1/2"]
[WhiteTitle "FM"]
[BlackTitle "GM"]
[WhiteElo "2238"]
[BlackElo "2547"]
[WhiteTeam "Les Tours de Haute Picardie, SAINT QUENTIN"]
[BlackTeam "GRASSE Echecs"]
[WhiteFideId "200085"]
[BlackFideId "604011"]
[EventDate "2018.05.26"]

1. e4 c5 2. Nf3 d6 3. d4 cxd4 4. Nxd4 Nf6 5. Nc3 Nc6 6. Bg5 e6 7. Qd2 a6 8.
O-O-O Bd7 9. Be2 Rc8 10. f4 h6 11. Bh4 Nxe4 12. Nxe4 Qxh4 13. Nf3 Qe7 14. Qe3
Qd8 15. Nxd6+ Bxd6 16. Rxd6 Qc7 17. Rhd1 Nd4 18. Nxd4 Qxd6 19. Nf5 Qc5 20. Nd6+
Ke7 21. Nxc8+ Rxc8 22. Qxc5+ Rxc5 23. h4 Bc6 24. g3 g5 25. hxg5 hxg5 26. Kd2
gxf4 27. gxf4 Rf5 28. Rf1 Rf6 29. Ke3 Rh6 30. Rf2 a5 31. Kd4 b6 32. Bf3 Bd7 33.
c4 Rh4 34. Ke3 Rh3 35. Kd4 Rh4 36. Ke3 Rh3 37. Kd4 Kd6 38. Rd2 Kc7 39. Rd3 Rh2
40. Rb3 Ba4 41. Ra3 Bc6 42. Bxc6 Kxc6 43. Rb3 Re2 44. Rb5 f6 45. a4 Re1 46. c5
Rd1+ 47. Ke3 bxc5 48. Rxa5 Rd4 49. f5 exf5 50. Ra6+ Kd5 51. Rxf6 Ke5 52. Rc6 f4+
53. Kf3 Kd5 54. Rf6 Rxa4 55. Rf5+ Kc4 56. Rxf4+ Kb3 57. Rxa4 Kxa4 58. Ke4 Kb3
59. Kd5 Kxb2 60. Kxc5 1/2-1/2

[Event "TCh-FRA Top 12 2018"]
[Site "Brest FRA"]
[Date "2018.06.01"]
[Round "7.2"]
[Board "6"]
[White "Wirig, Anthony"]
[Black "Le Hay, Thierry"]
[Result "1-0"]
[WhiteTitle "GM"]
[WhiteElo "2504"]
[BlackElo "2062"]
[WhiteTeam "GRASSE Echecs"]
[BlackTeam "Les Tours de Haute Picardie, SAINT QUENTIN"]
[WhiteFideId "615013"]
[BlackFideId "639613"]
[EventDate "2018.05.26"]

1. d4 e6 2. Nf3 f5 3. g3 Nf6 4. Bg2 c6 5. c4 d5 6. Qc2 Bd6 7. Nc3 O-O 8. O-O Ne4
9. Nxe4 dxe4 10. Nd2 Qf6 11. c5 Bc7 12. e3 Na6 13. f3 e5 14. fxe4 exd4 15. exf5
dxe3 16. Ne4 Qe7 17. Bxe3 Bxf5 18. Rxf5 Rxf5 19. Qb3+ Kh8 20. Qxb7 Re8 21. Qxa6
Re5 22. Qxc6 Re6 23. Qd5 Re5 24. Qc4 Qe6 25. Qxe6 R5xe6 26. Rd1 h6 27. Rd7 Be5
28. Bd4 1-0

[Event "TCh-FRA Top 12 2018"]
[Site "Brest FRA"]
[Date "2018.06.01"]
[Round "7.2"]
[Board "7"]
[White "Cappon, John"]
[Black "Libiszewski, Fabien"]
[Result "0-1"]
[BlackTitle "GM"]
[WhiteElo "2145"]
[BlackElo "2504"]
[WhiteTeam "Les Tours de Haute Picardie, SAINT QUENTIN"]
[BlackTeam "GRASSE Echecs"]
[WhiteFideId "608459"]
[BlackFideId "616834"]
[EventDate "2018.05.26"]

1. e4 g6 2. d4 d6 3. Nc3 Bg7 4. Bg5 a6 5. Qd2 b5 6. f3 Nd7 7. Nd5 c6 8. Ne3 Ngf6
9. c3 O-O 10. Nc2 Qc7 11. Bh6 e5 12. g4 Bxh6 13. Qxh6 exd4 14. cxd4 d5 15. exd5
Re8+ 16. Ne2 Qd6 17. O-O-O Qxd5 18. Nc3 Qxf3 19. Bh3 Nxg4 20. Bxg4 Qxg4 21. Rhg1
Qf3 22. Rdf1 Qd3 23. Rd1 Qc4 24. d5 Nf8 25. Rd4 Qc5 26. Rf1 Bf5 27. Rxf5 gxf5
28. Qg5+ Ng6 29. Qxf5 Re5 30. Qf3 cxd5 31. Nxd5 Rc8 32. Nc3 a5 33. a3 b4 34.
axb4 axb4 35. Rxb4 Qg1+ 0-1

[Event "TCh-FRA Top 12 2018"]
[Site "Brest FRA"]
[Date "2018.06.01"]
[Round "7.2"]
[Board "8"]
[White "Navrotescu, Andreea-Cristiana"]
[Black "Bolon, Karelle"]
[Result "1-0"]
[WhiteTitle "WIM"]
[BlackTitle "WFM"]
[WhiteElo "2175"]
[BlackElo "1994"]
[WhiteTeam "GRASSE Echecs"]
[BlackTeam "Les Tours de Haute Picardie, SAINT QUENTIN"]
[WhiteFideId "675946"]
[BlackFideId "634514"]
[EventDate "2018.05.26"]

1. d4 d5 2. c4 c6 3. Nf3 Nf6 4. Qc2 dxc4 5. e4 e6 6. Bxc4 b5 7. Bd3 h6 8. O-O
Bb7 9. a4 a6 10. Bd2 Nbd7 11. b4 Be7 12. a5 O-O 13. Bc3 Re8 14. Nbd2 Bf8 15. Nb3
e5 16. Nc5 Nxc5 17. dxc5 Nd7 18. Rad1 g6 19. g3 Bg7 20. Nh4 Qe7 21. Ng2 Nf6 22.
Qb2 Rad8 23. Bc2 Nh5 24. Rxd8 Rxd8 25. g4 Nf6 26. Bxe5 Bc8 27. h3 h5 28. g5 Ne8
29. Bxg7 Nxg7 30. h4 Bh3 31. Qc3 Bxg2 32. Kxg2 Qd7 33. Rd1 Qc7 34. Qf6 Rxd1 35.
Bxd1 Ne6 36. Bb3 Qf4 37. Qxf4 Nxf4+ 38. Kf3 Nd3 39. Ke3 Ne5 40. f4 Ng4+ 41. Kd4
Kf8 42. Bd1 Nf2 43. Bf3 Nh3 44. Ke3 Ke7 45. Bg2 1-0

[Event "TCh-FRA Top 12 2018"]
[Site "Brest FRA"]
[Date "2018.06.01"]
[Round "7.3"]
[Board "1"]
[White "Jobava, Baadur"]
[Black "Cornette, Deimante"]
[Result "1-0"]
[WhiteTitle "GM"]
[BlackTitle "IM"]
[WhiteElo "2663"]
[BlackElo "2461"]
[WhiteTeam "Tremblay en France"]
[BlackTeam "C.E.M.C. Monaco"]
[WhiteFideId "13601520"]
[BlackFideId "12802859"]
[EventDate "2018.05.26"]

1. d4 Nf6 2. Bg5 d5 3. e3 c5 4. Bxf6 gxf6 5. dxc5 Nc6 6. c3 e6 7. b4 a5 8. Bb5
Bd7 9. Qb3 Ne5 10. Bxd7+ Qxd7 11. Nf3 Nd3+ 12. Ke2 Qb5 13. Nd4 Nf4+ 14. Kf3 Qd3
15. Qc2 e5 16. Rd1 Bh6 17. Qxd3 Nxd3 18. Rxd3 e4+ 19. Ke2 exd3+ 20. Kxd3 Kd7 21.
a4 Rhc8 22. Nd2 Bf8 23. N2b3 axb4 24. cxb4 Be7 25. a5 Rc7 26. g3 Bf8 27. Nb5
Rcc8 28. Nc3 1-0

[Event "TCh-FRA Top 12 2018"]
[Site "Brest FRA"]
[Date "2018.06.01"]
[Round "7.3"]
[Board "3"]
[White "Piorun, Kacper"]
[Black "Efimov, Igor"]
[Result "0-1"]
[WhiteTitle "GM"]
[BlackTitle "GM"]
[WhiteElo "2633"]
[BlackElo "2413"]
[WhiteTeam "Tremblay en France"]
[BlackTeam "C.E.M.C. Monaco"]
[WhiteFideId "1130420"]
[BlackFideId "806404"]
[EventDate "2018.05.26"]

1. e4 e6 2. d4 d5 3. e5 Bd7 4. Nd2 a6 5. Ndf3 Bb5 6. Bxb5+ axb5 7. Ne2 Nd7 8.
Qd3 c6 9. h4 h6 10. h5 Qb6 11. O-O Qa6 12. Be3 Ne7 13. Ng3 c5 14. c3 b4 15. Qd1
Nc6 16. cxb4 cxd4 17. Nxd4 Nxb4 18. f4 Bc5 19. Kh1 Qd3 20. Qe2 O-O 21. a3 Qxe2
22. Ngxe2 Nc6 23. Rac1 Rfc8 24. g3 Na5 25. Rc3 Nc4 26. Bc1 Bxd4 27. Nxd4 Nc5 28.
Kg2 Ne4 29. Rc2 Nb6 30. Re2 Ra4 31. Be3 Nd7 32. Kf3 Rac4 33. Rd1 Nb8 34. Nb5 Nd7
35. g4 Ndc5 36. Nd4 Kf8 37. Rb1 Ke7 38. Rd1 Kd7 39. Rh1 Ke7 40. Rd1 f6 41. exf6+
gxf6 42. Nb5 Nd7 43. Rd4 Nd6 44. Rxd5 exd5 45. Bc5+ Ne5+ 46. fxe5 R8xc5 47.
exd6+ Kd8 48. Nc7 Kd7 49. Ne8 Rc6 50. Re7+ Kd8 51. Re6 Re4 52. Ng7 Rxe6 53.
Nxe6+ Kd7 54. Nd4 Rxd6 55. Kf4 Rb6 56. Kf5 Ke7 57. b3 Kf7 58. Kf4 Ra6 59. a4 Rb6
60. a5 Ra6 61. b4 Ra8 62. Nf5 Ke6 63. Nd4+ Kf7 64. Nf5 Ke6 65. Nd4+ Kd7 66. Nf5
Re8 67. b5 Re4+ 68. Kf3 Ra4 69. Nxh6 Rxa5 70. Ng8 Ke6 71. h6 Kf7 72. h7 Kg7 73.
Nxf6 Rxb5 74. g5 d4 75. Kf4 d3 76. g6 d2 77. Ne8+ Kh8 78. Nd6 Rh5 79. Ke4 0-1

[Event "TCh-FRA Top 12 2018"]
[Site "Brest FRA"]
[Date "2018.06.01"]
[Round "7.3"]
[Board "4"]
[White "Villegas, Pierre"]
[Black "Flom, Gabriel"]
[Result "0-1"]
[WhiteTitle "FM"]
[BlackTitle "IM"]
[WhiteElo "2345"]
[BlackElo "2501"]
[WhiteTeam "C.E.M.C. Monaco"]
[BlackTeam "Tremblay en France"]
[WhiteFideId "654183"]
[BlackFideId "621650"]
[EventDate "2018.05.26"]

1. d4 d5 2. c4 c6 3. Nf3 Nf6 4. e3 Bf5 5. Nc3 e6 6. Nh4 Be4 7. f3 Bg6 8. Qb3 Qc7
9. Bd2 Be7 10. cxd5 cxd5 11. Nb5 Qd7 12. Nxg6 hxg6 13. Bb4 a6 14. Bxe7 Qxe7 15.
Nc3 Nc6 16. O-O-O b5 17. Kb1 Na5 18. Qc2 O-O 19. Qf2 Rfc8 20. Bd3 Nc4 21. Rc1
Rc6 22. Rc2 Nxb2 23. Nxd5 Nxd5 24. Rxb2 Rac8 0-1

[Event "TCh-FRA Top 12 2018"]
[Site "Brest FRA"]
[Date "2018.06.01"]
[Round "7.3"]
[Board "5"]
[White "Bellahcene, Bilel"]
[Black "Dornbusch, Tatiana"]
[Result "1-0"]
[WhiteTitle "GM"]
[BlackTitle "WGM"]
[WhiteElo "2488"]
[BlackElo "2290"]
[WhiteTeam "Tremblay en France"]
[BlackTeam "C.E.M.C. Monaco"]
[WhiteFideId "696358"]
[BlackFideId "14107449"]
[EventDate "2018.05.26"]

1. e4 e5 2. Nf3 Nc6 3. Bb5 a6 4. Ba4 Nf6 5. O-O Be7 6. d3 b5 7. Bb3 d6 8. a3 O-O
9. Nc3 Bg4 10. Be3 Qd7 11. h3 Bh5 12. Nd5 Bxf3 13. Qxf3 Nd4 14. Bxd4 exd4 15.
Nxf6+ Bxf6 16. Qg3 a5 17. a4 b4 18. f4 Qe7 19. Qg4 c6 20. Rae1 Rae8 21. g3 Kh8
22. Kg2 g6 23. Qf3 Qd7 24. h4 h5 25. f5 Kg7 26. Re2 c5 27. Ref2 Qe7 28. g4 hxg4
29. Qxg4 Qd8 30. Rf3 Bxh4 31. Rh3 Bf6 32. Bxf7 Rxf7 33. fxg6 Rff8 34. Rh7+ Kg8
35. Qh5 Qe7 36. Rxe7 Rxe7 37. Qd5+ Kg7 38. Rh1 Be5 39. Rh7+ Kf6 40. Kh3 Rxh7+
41. gxh7 Kg7 42. Qb7+ Kh8 43. Kg2 Rf6 44. Qc7 Rg6+ 45. Kf3 Rg3+ 46. Kf2 Rg7 47.
Qxa5 Rxh7 48. Qd8+ Kg7 49. a5 Rh2+ 50. Kf3 Rxc2 51. a6 Rxb2 52. a7 Ra2 53. a8=Q
Rxa8 54. Qxa8 1-0

[Event "TCh-FRA Top 12 2018"]
[Site "Brest FRA"]
[Date "2018.06.01"]
[Round "7.3"]
[Board "7"]
[White "Vlachos, Anatole"]
[Black "Ribbegren, Karl Johan"]
[Result "1/2-1/2"]
[WhiteTitle "FM"]
[WhiteElo "2433"]
[BlackElo "2222"]
[WhiteTeam "Tremblay en France"]
[BlackTeam "C.E.M.C. Monaco"]
[WhiteFideId "26093189"]
[BlackFideId "5400040"]
[EventDate "2018.05.26"]

1. Nf3 Nf6 2. g3 g6 3. Bg2 Bg7 4. O-O O-O 5. d4 c5 6. c4 d6 7. Nc3 Nc6 8. d5 Na5
9. Qd3 a6 10. Rb1 Rb8 11. a4 e5 12. dxe6 Bxe6 13. Bf4 Nxc4 14. b3 Ne5 15. Nxe5
dxe5 16. Bxe5 Bf5 17. Qxd8 Rbxd8 18. Rbc1 Rd7 19. Bxf6 Bxf6 20. Nd5 Bd8 21. Rxc5
Re8 22. e3 Be6 23. a5 Bxd5 24. Bxd5 Be7 25. Rfc1 Bxc5 26. Rxc5 Kg7 27. e4 f5 28.
f3 Ree7 29. Kf2 Rc7 30. Rxc7 Rxc7 31. exf5 gxf5 32. Ke3 Rc5 33. Bxb7 Rxa5 34.
Kd4 Ra3 35. Kc4 Kf6 36. h4 Ke5 37. Bc8 f4 38. g4 h6 39. Bb7 Ra1 40. b4 a5 41.
bxa5 Rxa5 42. Be4 Ra4+ 43. Kd3 Ra3+ 44. Kc4 Ra4+ 45. Kd3 Kf6 46. Bc6 Ra6 47. Be4
Ra1 48. Bh7 Re1 49. Kd4 Re2 50. Bd3 Re1 51. Bh7 Re3 52. Be4 1/2-1/2

[Event "TCh-FRA Top 12 2018"]
[Site "Brest FRA"]
[Date "2018.06.01"]
[Round "7.3"]
[Board "8"]
[White "Van Hoolandt, Patrick"]
[Black "Aflalo, Sophie"]
[Result "1-0"]
[WhiteTitle "FM"]
[WhiteElo "2086"]
[BlackElo "2104"]
[WhiteTeam "C.E.M.C. Monaco"]
[BlackTeam "Tremblay en France"]
[WhiteFideId "200999"]
[BlackFideId "656887"]
[EventDate "2018.05.26"]

1. d4 Nf6 2. c4 g6 3. Nc3 c5 4. d5 d6 5. e4 e6 6. Nf3 a6 7. Bd3 exd5 8. exd5 Bg7
9. Qe2+ Qe7 10. Bf4 Qxe2+ 11. Kxe2 Ke7 12. Rhe1 Rd8 13. h3 Kf8 14. Na4 Ne8 15.
Nb6 Ra7 16. Ng5 Nd7 17. Nxd7+ Bxd7 18. Kd2 h6 19. Ne6+ Bxe6 20. dxe6 b6 21. Kc2
Re7 22. exf7 Rxf7 23. Bg3 g5 24. f3 Rf6 25. Rad1 Nc7 26. Be4 b5 27. b3 a5 28. a4
bxc4 29. bxc4 Na6 30. Kd2 h5 31. h4 Bh6 32. Ke2 Nb4 33. Kf1 g4 34. Be5 dxe5 35.
Rxd8+ Ke7 36. Red1 gxf3 37. gxf3 Be3 38. R1d7+ Ke6 39. Rd6+ Ke7 40. R8d7+ 1-0

[Event "TCh-FRA Top 12 2018"]
[Site "Brest FRA"]
[Date "2018.06.01"]
[Round "7.4"]
[Board "1"]
[White "Moussard, Jules"]
[Black "Van Wely, Loek"]
[Result "0-1"]
[WhiteTitle "GM"]
[BlackTitle "GM"]
[WhiteElo "2570"]
[BlackElo "2667"]
[WhiteTeam "Evry Grand Roque"]
[BlackTeam "CLICHY Echecs 92"]
[WhiteFideId "642908"]
[BlackFideId "1000268"]
[EventDate "2018.05.26"]

1. e4 c5 2. Nf3 d6 3. c3 Nf6 4. Be2 Nbd7 5. Qc2 Qc7 6. O-O b6 7. d3 Bb7 8. Nbd2
g6 9. b3 Bg7 10. Bb2 O-O 11. Rfe1 d5 12. Bf1 e5 13. a3 a5 14. a4 Rad8 15. Rad1
Rfe8 16. Qb1 c4 17. exd5 cxd3 18. c4 e4 19. Ng5 Qf4 20. Nh3 Qh6 21. Bd4 Nc5 22.
b4 axb4 23. Qxb4 Bc8 24. Be3 Qh5 25. Qxb6 Nxa4 26. Qb4 Bd7 27. Bd4 Qf5 28. Qa3
Ra8 29. f3 Bf8 30. d6 exf3 31. Nxf3 Ne4 32. Qxd3 Nac5 33. Qe3 Bxd6 34. Qh6 Bf8
35. Qf4 Nb3 36. Ne5 Nxd4 37. Nxd7 Qxd7 38. Rxe4 Rxe4 39. Qxe4 Re8 40. Qd5 Qa7
41. Kh1 Nf5 42. Rb1 Qe3 43. Qd3 Qe5 44. Qd5 Qf6 45. Qd2 Bc5 46. Be2 Ne3 47. Bf3
h5 48. Re1 Kg7 49. Qc1 Re5 50. Nf2 Nxg2 51. Bxg2 Bxf2 52. Rf1 Re2 53. c5 Qe5 54.
Qc4 f5 55. c6 Bb6 56. Qf4 Qxf4 57. Rxf4 Kf6 0-1

[Event "TCh-FRA Top 12 2018"]
[Site "Brest FRA"]
[Date "2018.06.01"]
[Round "7.4"]
[Board "2"]
[White "Hamdouchi, Hicham"]
[Black "Fedorchuk, Sergey A."]
[Result "1-0"]
[WhiteTitle "GM"]
[BlackTitle "GM"]
[WhiteElo "2580"]
[BlackElo "2637"]
[WhiteTeam "CLICHY Echecs 92"]
[BlackTeam "Evry Grand Roque"]
[WhiteFideId "9000011"]
[BlackFideId "14102536"]
[EventDate "2018.05.26"]

1. e4 c5 2. Nf3 e6 3. d4 cxd4 4. Nxd4 a6 5. Bd3 Bc5 6. Nb3 Be7 7. O-O d6 8. Qg4
g6 9. Qe2 Nd7 10. a4 Ne5 11. h3 Bd7 12. Nc3 Rc8 13. Rd1 Nf6 14. Bh6 Nh5 15. Qe3
g5 16. Be2 Nf4 17. Bg7 Rg8 18. Bxe5 dxe5 19. Bf1 h5 20. Rd2 Rc7 21. Rad1 Qc8 22.
g3 Kf8 23. Kh1 Ng6 24. Na5 Be8 25. Qe2 Kg7 26. Nc4 b5 27. axb5 axb5 28. Ne3 b4
29. Nb5 Bxb5 30. Qxb5 Bc5 31. Qe2 Rh8 32. Nc4 Bd4 33. Nd6 Qb8 34. Nb5 Bxb2 35.
Nxc7 Qxc7 36. Rd7 Qc8 37. Qa6 Qxc2 38. Qxe6 Rf8 39. R1d6 Qxe4+ 40. Bg2 Qb1+ 41.
Kh2 h4 42. Qf6+ Kg8 43. Rd1 Qc2 44. R7d2 hxg3+ 45. fxg3 Qc3 46. Bd5 Kh7 47. Bxf7
Nh8 48. Bg6+ 1-0

[Event "TCh-FRA Top 12 2018"]
[Site "Brest FRA"]
[Date "2018.06.01"]
[Round "7.4"]
[Board "3"]
[White "Relange, Eloi"]
[Black "Van Foreest, Jorden"]
[Result "1/2-1/2"]
[WhiteTitle "GM"]
[BlackTitle "GM"]
[WhiteElo "2455"]
[BlackElo "2638"]
[WhiteTeam "Evry Grand Roque"]
[BlackTeam "CLICHY Echecs 92"]
[WhiteFideId "600822"]
[BlackFideId "1039784"]
[EventDate "2018.05.26"]

1. d4 f5 2. g3 Nf6 3. Bg2 e6 4. Nf3 Be7 5. O-O O-O 6. c4 Ne4 7. Nbd2 d5 8. Ne5
Nd7 9. Nxd7 Bxd7 10. cxd5 exd5 11. Qb3 Nf6 12. Qxb7 Rb8 13. Qa6 Bb5 14. Qe6+ Kh8
15. a4 Rb6 16. Qe3 Ba6 17. Nf3 f4 18. Qd2 fxg3 19. hxg3 Re6 20. Ne5 c5 21. Bh3
Qd6 22. Qg5 Bxe2 23. Bxe6 Qxe6 24. Qe3 Qa6 25. Re1 Bh5 26. Nd7 Rf7 27. Ne5 Rf8
28. Nd7 Rf7 29. Ne5 1/2-1/2

[Event "TCh-FRA Top 12 2018"]
[Site "Brest FRA"]
[Date "2018.06.01"]
[Round "7.4"]
[Board "4"]
[White "Fressinet, Laurent"]
[Black "Brochet, Philippe"]
[Result "1-0"]
[WhiteTitle "GM"]
[BlackTitle "IM"]
[WhiteElo "2651"]
[BlackElo "2409"]
[WhiteTeam "CLICHY Echecs 92"]
[BlackTeam "Evry Grand Roque"]
[WhiteFideId "608742"]
[BlackFideId "602469"]
[EventDate "2018.05.26"]

1. d4 d5 2. c4 e6 3. Nc3 Nf6 4. cxd5 exd5 5. Bg5 c6 6. e3 Bf5 7. Qf3 Bg6 8. Bxf6
gxf6 9. Qd1 Nd7 10. Bd3 Rg8 11. Nge2 Bd6 12. Ng3 h5 13. Nf5 Bxf5 14. Bxf5 Rxg2
15. Qxh5 Ke7 16. Qh3 Rg5 17. O-O-O Nb6 18. f4 Rg7 19. Bd3 Qh8 20. Qf3 Qh4 21.
Ne2 Qg4 22. Qf1 Qg2 23. Ng3 Qxf1 24. Rdxf1 Kd7 25. Nf5 Rg2 26. Rfg1 Rxg1+ 27.
Rxg1 Ke6 28. h4 Rh8 29. h5 Nc4 30. Rg3 Bf8 31. h6 Kd7 32. Rh3 Rh7 33. b3 Na3 34.
Kd2 Nb5 35. Bxb5 cxb5 36. Kd3 Ke6 37. e4 a5 38. Rh5 a4 39. exd5+ Kxd5 40. Ne3+
Kc6 41. Ng4 Kb6 42. Ke4 Ka5 43. Kf5 Kb4 44. Rh3 axb3 45. axb3 1-0

[Event "TCh-FRA Top 12 2018"]
[Site "Brest FRA"]
[Date "2018.06.01"]
[Round "7.4"]
[Board "5"]
[White "Oratovsky, Michael"]
[Black "Delorme, Axel"]
[Result "1/2-1/2"]
[WhiteTitle "GM"]
[BlackTitle "GM"]
[WhiteElo "2456"]
[BlackElo "2527"]
[WhiteTeam "Evry Grand Roque"]
[BlackTeam "CLICHY Echecs 92"]
[WhiteFideId "2802090"]
[BlackFideId "632023"]
[EventDate "2018.05.26"]

1. e4 e5 2. Nf3 Nc6 3. Bc4 Bc5 4. c3 Nf6 5. d3 O-O 6. Nbd2 d5 7. exd5 Nxd5 8.
Ne4 Bb6 9. O-O Bg4 10. h3 Bh5 1/2-1/2

[Event "TCh-FRA Top 12 2018"]
[Site "Brest FRA"]
[Date "2018.06.01"]
[Round "7.4"]
[Board "6"]
[White "Tregubov, Pavel V."]
[Black "Milliet, Sophie"]
[Result "1-0"]
[WhiteTitle "GM"]
[BlackTitle "IM"]
[WhiteElo "2578"]
[BlackElo "2391"]
[WhiteTeam "CLICHY Echecs 92"]
[BlackTeam "Evry Grand Roque"]
[WhiteFideId "4115341"]
[BlackFideId "623725"]
[EventDate "2018.05.26"]

1. Nf3 c5 2. c4 Nc6 3. d4 cxd4 4. Nxd4 g6 5. e4 Bg7 6. Be3 Nf6 7. Nc3 d6 8. Be2
O-O 9. O-O Bd7 10. Rc1 a6 11. f3 Nxd4 12. Bxd4 b5 13. b4 Rb8 14. c5 dxc5 15.
Bxc5 Be6 16. Qxd8 Rfxd8 17. Bxe7 Rd2 18. Rfe1 Nd7 19. Kf1 Re8 20. Bg5 Rb2 21.
Red1 Nb6 22. Rd6 Nc4 23. Rxa6 h6 24. Nxb5 Rc8 25. Rxe6 fxe6 26. Bxc4 Kh7 27. Be7
Rxa2 28. Bc5 Rb2 29. Bxe6 Rd8 30. Bd5 Be5 31. Bd4 Bxd4 32. Nxd4 Rxb4 33. Rc7+
Kh8 34. Nc6 Rb1+ 35. Kf2 1-0

[Event "TCh-FRA Top 12 2018"]
[Site "Brest FRA"]
[Date "2018.06.01"]
[Round "7.4"]
[Board "7"]
[White "Manouck, Thierry"]
[Black "Barbot, Pierre1"]
[Result "1-0"]
[WhiteTitle "IM"]
[BlackTitle "IM"]
[WhiteElo "2195"]
[BlackElo "2421"]
[WhiteTeam "Evry Grand Roque"]
[BlackTeam "CLICHY Echecs 92"]
[WhiteFideId "600873"]
[BlackFideId "663727"]
[EventDate "2018.05.26"]

1. Nf3 d5 2. g3 Nc6 3. Bg2 e5 4. d3 Be6 5. O-O Qd7 6. c3 h5 7. b4 Bd6 8. e4
O-O-O 9. exd5 Bxd5 10. b5 Nce7 11. c4 Be6 12. Be3 c5 13. Ng5 h4 14. Nc3 hxg3 15.
fxg3 Nf6 16. Nxe6 Qxe6 17. Qf3 Rd7 18. Rae1 Ng6 19. a4 Ng4 20. h3 Nxe3 21. Rxe3
Rf8 22. a5 f5 23. a6 e4 24. axb7+ Kb8 25. dxe4 f4 26. Ree1 Be5 27. Nd5 fxg3 28.
Qa3 Bd4+ 29. Kh1 Bf2 30. b6 Rxb7 31. bxa7+ Ka8 32. e5 Qc6 33. e6 Nh4 34. e7 Re8
35. Re6 Nxg2 36. Rxc6 Nh4 37. Ra1 g2+ 38. Kh2 Bd4 39. Re1 Rxa7 40. Ra6 Nf3+ 41.
Qxf3 Rxa6 42. Nc7+ Ka7 43. Qxg2 1-0